[Event "Bashkortostan-ch"]
[Site "Ufa"]
[Date "2018.12.23"]
[Round "9"]
[White "Ganiev, Ildar Munirovich"]
[Black "Norkin, Yaks"]
[Result "1-0"]
[WhiteElo "2130"]
[BlackElo "1759"]
[PlyCount "83"]
[EventDate "2018.12.16"]
[EventType "tourn"]
[EventRounds "9"]
[EventCountry "RUS"]
[SourceTitle "CBM 188 Extra"]
[Source "ChessBase"]
[SourceDate "2019.02.26"]
[SourceVersion "1"]
[SourceVersionDate "2019.02.26"]
[SourceQuality "1"]

1. e4 d5 2. exd5 Qxd5 3. Nc3 Qa5 4. d4 e5 5. Nf3 Bb4 6. dxe5 Bg4 7. Bd2 Nc6 8. h3 Bxf3 9. Qxf3 Qxe5+ 10. Qe2 0-0-0 11. Qxe5 Nxe5 12. 0-0-0 Nf6 13. f4 Nc6 14. Bc4 Rd7 15. Be3 Rhd8 16. Rxd7 Rxd7 17. Rd1 Re7 18. Bf2 Bxc3 19. bxc3 Ne4 20. Bh4 f6 21. Be1 Nd6 22. Bd3 Ne4 23. Bc4 Nd6 24. Bd3 Ne4 25. Bb5 Nd6 26. Bf1 Na5 27. Bd3 h6 28. Bf2 Nac4 29. g4 b6 30. h4 Re8 31. g5 f5 32. Bd4 Rg8 33. g6 c5 34. Be5 Nxe5 35. fxe5 Ne4 36. Bxe4 fxe4 37. e6 Re8 38. Rd7 Rxe6 39. Rxg7 h5 40. Kd2 e3+ 41. Ke2 Re4 42. Rh7 1-0